Normal view
MARC view
- Rabbia Amjad
Entry Personal Name
001 - CONTROL NUMBER
- control field: 73202
003 - CONTROL NUMBER IDENTIFIER
- control field: NUST
005 - DATE AND TIME OF LATEST TRANSACTION
- control field: 20210628205001.0
008 - FIXED-LENGTH DATA ELEMENTS
- fixed length control field: 210628|| aca||aabn | a|a d
040 ## - CATALOGING SOURCE
- Original cataloging agency: NUST
- Transcribing agency: NUST
100 ## - HEADING--PERSONAL NAME
- Personal name: Rabbia Amjad
670 ## - SOURCE DATA FOUND
- Source citation: Work cat.: (NUST): Rabbia Amjad, TH-SOF-1788-Automated Glaucoma Detection using CDR Method on Fundus Images using Fuzzy Logic, 2020
